[Event "17. Torneo San Viator 2011"]
[Site "Madrid ESP"]
[Date "2011.10.16"]
[Round "6.12"]
[White "Rodriguez Varela, Alvaro"]
[Black "Martinez Rubio, Felipe"]
[Result "1/2-1/2"]
[WhiteElo "1753"]
[BlackElo "1868"]
[PlyCount "209"]
[EventDate "2011.09.25"]
[EventType "swiss"]
[EventRounds "9"]
[EventCountry "ESP"]
[Source "lmi"]
[SourceDate "2011.09.25"]

1. e4 c5 2. Nf3 e6 3. d3 g6 4. Nc3 Bg7 5. Be2 Ne7 6. O-O Nbc6 7. Bg5 O-O 8. Qd2
Nd4 9. Rfe1 f6 10. Be3 e5 11. Bd1 d5 12. Nxd5 Nxd5 13. exd5 Qxd5 14. Nxd4 cxd4
15. Bh6 Rb8 16. Bxg7 Kxg7 17. Qb4 Qd7 18. Bf3 b6 19. Re2 Bb7 20. Bxb7 Rxb7 21.
Rae1 Rf7 22. Re4 Qc6 23. R4e2 Rfc7 24. Qb3 a5 25. Rc1 b5 26. c3 Qc5 27. Rec2 a4
28. Qe6 Re7 29. Qg4 dxc3 30. Rxc3 Qd5 31. b3 axb3 32. axb3 b4 33. Rc4 Qxd3 34.
Rxb4 Qd2 35. Rbc4 Rxb3 36. h4 Rb2 37. Qg3 Qd7 38. Rc7 Qxc7 39. Rxc7 Rxc7 40.
Qa3 Rbc2 41. Qd6 Rc1+ 42. Kh2 R1c6 43. Qa3 Rd7 44. Qa4 Rcd6 45. Qa3 Rd3 46. Qc5
R3d5 47. Qa3 Rd2 48. Qc5 R2d4 49. g3 Rf7 50. Kg2 Rfd7 51. Qc6 h6 52. Qe6 R4d6
53. Qc4 Re7 54. Qc5 Rde6 55. Kh3 e4 56. Kg2 e3 57. fxe3 Rxe3 58. Kh3 R3e5 59.
Qd6 h5 60. Kg2 Rf7 61. Qd4 Rf5 62. Qd1 Kh6 63. Qd2+ Kg7 64. Qd1 Re5 65. Qd4
Rfe7 66. Qd6 g5 67. hxg5 fxg5 68. Qd4 Kg6 69. Qd3+ Kg7 70. Qd4 g4 71. Kg1 Kg6
72. Qd3+ Re4 73. Qd6+ R7e6 74. Qd3 Kf7 75. Qd7+ Re7 76. Qd5+ Kg6 77. Qd6+ Kg7
78. Qd3 Re1+ 79. Kf2 R7e2+ 80. Qxe2 Rxe2+ 81. Kxe2 Kf6 82. Kd3 Kf5 83. Ke3 Ke5
84. Kd3 Kf5 85. Ke3 Kg5 86. Kf2 h4 87. gxh4+ Kxh4 88. Kg2 Kg5 89. Kg3 Kf5 90.
Kg2 Kf4 91. Kf2 Kg5 92. Kg3 Kh5 93. Kg2 Kh4 94. Kh2 g3+ 95. Kg2 Kg4 96. Kg1 Kg5
97. Kg2 Kg4 98. Kg1 Kf3 99. Kf1 Kg4 100. Kg2 Kh4 101. Kg1 Kh3 102. Kh1 Kg4 103.
Kg2 Kf4 104. Kg1 Kf3 105. Kf1 1/2-1/2

[Event "17. Torneo San Viator 2011"]
[Site "Madrid ESP"]
[Date "2011.10.16"]
[Round "6.13"]
[White "Alonso Herrero, Ignacio"]
[Black "Martin Garcia, Francisco Javier"]
[Result "1-0"]
[WhiteElo "1812"]
[BlackElo "1595"]
[PlyCount "75"]
[EventDate "2011.09.25"]
[EventType "swiss"]
[EventRounds "9"]
[EventCountry "ESP"]
[Source "lmi"]
[SourceDate "2011.09.25"]

1. d4 Nf6 2. Nf3 c5 3. d5 d6 4. c4 b5 5. cxb5 a6 6. bxa6 g6 7. e3 Bxa6 8. Qa4+
Qd7 9. Qxd7+ Nbxd7 10. Bxa6 Rxa6 11. Nc3 Bg7 12. O-O O-O 13. Re1 Rb8 14. Rb1
Ng4 15. Bd2 Nge5 16. Nxe5 Nxe5 17. b3 Nd3 18. Red1 c4 19. bxc4 Rxb1 20. Rxb1 h5
21. Kf1 Ra3 22. Rb3 Ra8 23. Nb5 Rxa2 24. Rxd3 Ra4 25. Bc3 Rxc4 26. Bxg7 Kxg7
27. Rc3 Rb4 28. Nd4 Ra4 29. Rc7 Kf6 30. Nc6 e5 31. Nd8 Kf5 32. Nxf7 Ke4 33.
Nxd6+ Kd3 34. g3 h4 35. Kg2 Ke2 36. Rc4 Ra1 37. Nf7 Rf1 38. Rc2+ 1-0

[Event "17. Torneo San Viator 2011"]
[Site "Madrid ESP"]
[Date "2011.10.16"]
[Round "6.14"]
[White "Ruiz Escobar, Israel"]
[Black "Navarro Gonzalez, Jaime"]
[Result "1-0"]
[WhiteElo "1757"]
[BlackElo "1800"]
[PlyCount "85"]
[EventDate "2011.09.25"]
[EventType "swiss"]
[EventRounds "9"]
[EventCountry "ESP"]
[Source "lmi"]
[SourceDate "2011.09.25"]

1. d4 Nf6 2. Bf4 g6 3. e3 Bg7 4. Be2 d5 5. Na3 c6 6. c4 dxc4 7. Nxc4 O-O 8. h3
Nbd7 9. Nf3 Nb6 10. O-O Be6 11. b3 Nbd5 12. Bh2 Nc3 13. Qc2 Nxe2+ 14. Qxe2 Ne4
15. Rac1 Qd5 16. Nfd2 Nxd2 17. Qxd2 Qg5 18. Bf4 Qh4 19. Bg3 Qh5 20. Qb4 Bxh3
21. gxh3 Qxh3 22. Qxb7 h5 23. Qxe7 f6 24. Qe4 g5 25. Qxc6 Qg4 26. Qg2 Rfe8 27.
Rfe1 h4 28. Bh2 Qh5 29. f3 f5 30. Be5 h3 31. Qg3 Rad8 32. Kh2 g4 33. Bxg7 Kxg7
34. Rg1 Rxd4 35. exd4 Re2+ 36. Kh1 Kf6 37. fxg4 fxg4 38. Qf4+ Ke7 39. Qc7+ Kf8
40. Qc5+ Qxc5 41. dxc5 Re4 42. Rcf1+ Ke7 43. Re1 1-0

[Event "17. Torneo San Viator 2011"]
[Site "Madrid ESP"]
[Date "2011.10.16"]
[Round "6.15"]
[White "Sarabia Lopez, Joaquin"]
[Black "Zhynguel Ramirez De Verger, Alek"]
[Result "1-0"]
[WhiteElo "1799"]
[BlackElo "1516"]
[PlyCount "65"]
[EventDate "2011.09.25"]
[EventType "swiss"]
[EventRounds "9"]
[EventCountry "ESP"]
[Source "lmi"]
[SourceDate "2011.09.25"]

1. c4 Nf6 2. Nc3 d6 3. d3 e5 4. e4 c6 5. Nf3 Nbd7 6. Bd2 Be7 7. g3 a6 8. Bg2 b5
9. O-O O-O 10. Nh4 g6 11. Bh6 Re8 12. f4 Qb6+ 13. Kh1 bxc4 14. Rb1 cxd3 15.
Qxd3 Ng4 16. Nd1 Nxh6 17. f5 Qd4 18. Qf3 Nf6 19. fxg6 fxg6 20. Qb3+ Kg7 21. Nf2
Qc5 22. Rbc1 Qb5 23. Qe3 Nfg4 24. Qd2 Rf8 25. Nxg4 Rxf1+ 26. Bxf1 Qa4 27. Qxh6+
Kg8 28. Nf2 Qd4 29. Rc2 Be6 30. Nf3 Qa4 31. b3 Bxb3 32. axb3 Qxb3 33. Bc4+ 1-0

[Event "17. Torneo San Viator 2011"]
[Site "Madrid ESP"]
[Date "2011.10.16"]
[Round "6.16"]
[White "Pindado Del Carmen, Eliseo"]
[Black "Garcia Velayos, Carlos E"]
[Result "0-1"]
[WhiteElo "1655"]
[BlackElo "1775"]
[PlyCount "122"]
[EventDate "2011.09.25"]
[EventType "swiss"]
[EventRounds "9"]
[EventCountry "ESP"]
[Source "lmi"]
[SourceDate "2011.09.25"]

1. d4 Nf6 2. c4 g6 3. Nf3 Bg7 4. Nc3 d5 5. Bg5 c6 6. e3 Bf5 7. Bxf6 Bxf6 8. Bd3
Bxd3 9. Qxd3 e6 10. cxd5 exd5 11. Rc1 O-O 12. O-O Nd7 13. Rc2 Bg7 14. Na4 Qe7
15. Nc3 f5 16. Re1 Rae8 17. Rce2 Nf6 18. Nd2 Qc7 19. h3 Re7 20. Nb3 Rfe8 21.
Nc5 Nh5 22. Qc2 f4 23. exf4 Nxf4 24. Rxe7 Rxe7 25. Rxe7 Qxe7 26. Qd1 b6 27. Nb3
Qf6 28. Qe1 Ne6 29. Ne2 c5 30. dxc5 Nxc5 31. Nc3 Nxb3 32. axb3 d4 33. Qe8+ Bf8
34. Ne4 Qe7 35. Qc6 Qd8 36. Qe6+ Kh8 37. Qf7 d3 38. Qc4 Bg7 39. Qc1 h5 40. Qd2
a5 41. Kf1 Qd5 42. Nc3 Bxc3 43. Qh6+ Kg8 44. bxc3 d2 45. Qxg6+ Kf8 46. Qh6+ Ke8
47. Qh8+ Kd7 48. Qg7+ Kc6 49. Qf6+ Kb7 50. Qe7+ Ka6 51. Qe2+ b5 52. Qd1 Qd3+
53. Kg1 Qxc3 54. Kf1 Qd3+ 55. Kg1 b4 56. f3 a4 57. Kf2 a3 58. Qa1 d1=Q 59. Qf6+
Qd6 60. Qf5 Q1d4+ 61. Ke1 Qd2+ 0-1

[Event "17. Torneo San Viator 2011"]
[Site "Madrid ESP"]
[Date "2011.10.16"]
[Round "6.18"]
[White "Cortijo Manso, Luis"]
[Black "Castro Uceda, Jose A"]
[Result "0-1"]
[WhiteElo "1538"]
[BlackElo "1636"]
[PlyCount "70"]
[EventDate "2011.09.25"]
[EventType "swiss"]
[EventRounds "9"]
[EventCountry "ESP"]
[Source "lmi"]
[SourceDate "2011.09.25"]

1. e4 c5 2. Nf3 d6 3. d4 cxd4 4. Nxd4 Nf6 5. Nc3 a6 6. f3 e5 7. Nb3 Be7 8. Be3
O-O 9. Qd2 Be6 10. Bd3 d5 11. exd5 Bxd5 12. Nxd5 Qxd5 13. Be4 Qxd2+ 14. Nxd2
Nxe4 15. Nxe4 f5 16. Nd2 Nc6 17. c3 b5 18. O-O Rfd8 19. Rad1 Rd3 20. Rde1 f4
21. Bxf4 exf4 22. Nb3 Rad8 23. h3 a5 24. Nxa5 Bc5+ 25. Kh1 Nxa5 26. b4 Bxb4 27.
cxb4 Nc4 28. Rc1 Ra8 29. Rf2 Ra4 30. Rb1 Rda3 31. Rd1 Rxb4 32. Rd8+ Kf7 33. Re2
Rb1+ 34. Kh2 Ne3 35. Red2 Nf1+ 0-1

[Event "17. Torneo San Viator 2011"]
[Site "Madrid ESP"]
[Date "2011.10.16"]
[Round "6.23"]
[White "Brasa Olmos, Joaquin"]
[Black "Soto Martin, Miguel"]
[Result "0-1"]
[WhiteElo "1583"]
[BlackElo "1411"]
[PlyCount "132"]
[EventDate "2011.09.25"]
[EventType "swiss"]
[EventRounds "9"]
[EventCountry "ESP"]
[Source "lmi"]
[SourceDate "2011.09.25"]

1. c4 e5 2. Nc3 Nf6 3. g3 Nc6 4. Bg2 Bb4 5. d3 O-O 6. a3 Bc5 7. Nf3 d6 8. O-O
a6 9. b4 Ba7 10. Bg5 h6 11. Bd2 Nd4 12. e3 Nc6 13. Qc2 Bf5 14. e4 Be6 15. Nd1
Nd4 16. Qb2 b5 17. Be3 Nxf3+ 18. Bxf3 bxc4 19. Bxa7 Rxa7 20. d4 exd4 21. Qxd4
Rb7 22. e5 c5 23. bxc5 Rb3 24. Nc3 dxe5 25. Qxe5 Qd3 26. Be2 Qxc3 27. Qxc3 Rxc3
28. Rfd1 Ne4 29. c6 Nc5 30. a4 Nd3 31. Bf1 Bd5 32. c7 Rc8 33. Rab1 Rxc7 34.
Rb8+ Kh7 35. Rb6 Bc6 36. Rxa6 Nb2 37. Rd6 Bxa4 38. Rdb6 Rc2 39. Rxb2 Rxb2 40.
Rxa4 c3 41. Bd3+ g6 42. h4 h5 43. Ra5 Kh6 44. Ra1 Rd2 45. Be4 c2 46. Bxc2 Rcxc2
47. Rf1 g5 48. Kg2 gxh4 49. gxh4 Kg6 50. Kg3 Kf5 51. Kf3 Rd3+ 52. Kg2 Rc4 53.
Ra1 Rxh4 54. Ra5+ Kg6 55. f3 Rf4 56. Ra6+ Kg7 57. Ra5 Rfxf3 58. Rxh5 Rf6 59.
Re5 Rc6 60. Kf2 Rc2+ 61. Ke1 Rh3 62. Rg5+ Kf6 63. Rg1 Rhh2 64. Rf1+ Ke7 65. Kd1
Ra2 66. Re1+ Kf8 0-1

[Event "17. Torneo San Viator 2011"]
[Site "Madrid ESP"]
[Date "2011.10.16"]
[Round "6.26"]
[White "Ruiz Bazaga, Miriam"]
[Black "Garcia-Ines Sanchez, Gustavo"]
[Result "1/2-1/2"]
[WhiteElo "1624"]
[BlackElo "1633"]
[PlyCount "122"]
[EventDate "2011.09.25"]
[EventType "swiss"]
[EventRounds "9"]
[EventCountry "ESP"]
[Source "lmi"]
[SourceDate "2011.09.25"]

1. e4 c5 2. c3 d6 3. d4 Nf6 4. Bd3 g6 5. Nf3 Bg7 6. O-O O-O 7. Bf4 Bg4 8. Nbd2
Nc6 9. Qc2 cxd4 10. cxd4 Nb4 11. Qb3 Nxd3 12. Qxd3 a6 13. Rfe1 Nh5 14. Be3 Bd7
15. e5 Bb5 16. Qb3 d5 17. Rac1 f5 18. exf6 Nxf6 19. Ng5 Qd6 20. Nde4 Nxe4 21.
Nxe4 Qd7 22. Nc5 Qf5 23. Qc2 b6 24. Qxf5 Rxf5 25. Ne6 Rf6 26. Nc7 Ra7 27. Nxd5
Re6 28. Nc7 Rc6 29. Nxb5 Rxc1 30. Rxc1 axb5 31. a3 Rd7 32. Rd1 Kf7 33. Kf1 Ke6
34. d5+ Rxd5 35. Rxd5 Kxd5 36. b3 Bb2 37. a4 bxa4 38. bxa4 Bd4 39. Bd2 Kc4 40.
a5 b5 41. Ke2 b4 42. a6 b3 43. Bc1 Kc3 44. f3 b2 45. Bxb2+ Kxb2 46. Kd3 Ba7 47.
Ke4 Kc3 48. Ke5 Kc4 49. Ke6 Kb5 50. Kxe7 g5 51. Kf6 Kxa6 52. Kxg5 Be3+ 53. Kf6
Kb6 54. g4 Bf4 55. h4 Kc6 56. Kf5 Bg3 57. h5 Kd6 58. g5 Ke7 59. f4 Kf7 60. g6+
hxg6+ 61. hxg6+ Kg7 1/2-1/2

[Event "17. Torneo San Viator 2011"]
[Site "Madrid ESP"]
[Date "2011.10.16"]
[Round "6.27"]
[White "Salgado Duarte, Pablo"]
[Black "Jimenez Perez, Federico"]
[Result "1-0"]
[WhiteElo "1484"]
[BlackElo "1330"]
[PlyCount "75"]
[EventDate "2011.09.25"]
[EventType "swiss"]
[EventRounds "9"]
[EventCountry "ESP"]
[Source "lmi"]
[SourceDate "2011.09.25"]

1. d4 d5 2. c4 Nf6 3. Nc3 e6 4. Nf3 Nc6 5. cxd5 exd5 6. a3 h6 7. Bf4 Bd6 8.
Bxd6 Qxd6 9. e3 a6 10. Bd3 Bg4 11. h3 Bh5 12. g4 Bg6 13. Bxg6 fxg6 14. Qd3
O-O-O 15. Qxg6 Rhf8 16. Nh4 Rde8 17. Nf5 Qd7 18. Qxg7 Nxd4 19. Qxd7+ Kxd7 20.
Nxd4 c5 21. Nc2 d4 22. O-O-O Kc6 23. exd4 Rd8 24. dxc5 Rxd1+ 25. Rxd1 Kxc5 26.
Rf1 b5 27. f4 a5 28. f5 Kc4 29. Rf4+ Kc5 30. Ne4+ Nxe4 31. Rxe4 Kd5 32. Rd4+
Ke5 33. Rd7 Rf6 34. Ra7 a4 35. Rb7 Kd5 36. Rxb5+ Kc4 37. Rb4+ Kc5 38. Rxa4 1-0

[Event "17. Torneo San Viator 2011"]
[Site "Madrid ESP"]
[Date "2011.10.23"]
[Round "7.1"]
[White "Cano Cabanillas, Javier"]
[Black "Barahona Torrijos, Angel"]
[Result "1-0"]
[WhiteElo "1948"]
[BlackElo "1902"]
[PlyCount "127"]
[EventDate "2011.09.25"]
[EventType "swiss"]
[EventRounds "9"]
[EventCountry "ESP"]
[Source "lmi"]
[SourceDate "2011.09.25"]

1. e4 e5 2. Nf3 Nc6 3. d4 exd4 4. Nxd4 Bc5 5. Be3 Qf6 6. c3 Nge7 7. g3 d6 8.
Bg2 h5 9. h3 Ne5 10. Nd2 Nd3+ 11. Kf1 Nc6 12. Qe2 Nde5 13. Kg1 Bd7 14. f4 Ng6
15. e5 dxe5 16. Ne4 Qe7 17. Nxc5 exd4 18. Nxd7 Qxe3+ 19. Qxe3+ dxe3 20. Nc5
O-O-O 21. b4 h4 22. f5 Nge5 23. g4 Rhe8 24. a4 Nc4 25. Nxb7 N6e5 26. Nxd8 Rxd8
27. Kh2 Rd2 28. Rhd1 Nb2 29. Rf1 Nbd3 30. Kg1 e2 31. Rfb1 Nc4 32. Be4 Nf4 33.
Re1 Nxh3+ 34. Kg2 Ng5 35. Bf3 Ne3+ 36. Kf2 Nc2 37. Bxe2 Ne4+ 38. Kf3 Nxe1+ 39.
Rxe1 Nxc3 40. Bc4 Nd5 41. Rh1 Kd7 42. Rxh4 Ke7 43. Rh8 Nb6 44. Bb5 Kf6 45. a5
Nd7 46. Bxd7 Rxd7 47. Ra8 c5 48. bxc5 Rc7 49. Kf4 g5+ 50. fxg6 fxg6 51. a6 Ke6
52. Kg5 Kd5 53. Kxg6 Kxc5 54. g5 Kb6 55. Kh6 Kxa6 56. g6 Kb7 57. Rf8 Rc1 58. g7
a5 59. g8=Q Rh1+ 60. Kg5 Rg1+ 61. Kf4 Rxg8 62. Rxg8 Kc6 63. Rg5 Kb6 64. Ke3 1-0

[Event "17. Torneo San Viator 2011"]
[Site "Madrid ESP"]
[Date "2011.10.23"]
[Round "7.2"]
[White "Garcia-Ruiz Fuentes, Marcos"]
[Black "Cabanas Bravo, Juan Andres"]
[Result "0-1"]
[WhiteElo "1801"]
[BlackElo "2065"]
[PlyCount "108"]
[EventDate "2011.09.25"]
[EventType "swiss"]
[EventRounds "9"]
[EventCountry "ESP"]
[Source "lmi"]
[SourceDate "2011.09.25"]

1. e4 e5 2. Bc4 Bc5 3. Nc3 Nf6 4. d3 d6 5. f4 Bxg1 6. Rxg1 Ng4 7. g3 c6 8. h3
Qb6 9. Rf1 Ne3 10. Bxe3 Qxe3+ 11. Ne2 Bxh3 12. Rf2 Nd7 13. Qd2 Qxd2+ 14. Kxd2
b5 15. Bb3 f6 16. f5 Ke7 17. Nc3 Bg4 18. Rh1 g5 19. Nd1 Bxd1 20. Kxd1 Kf8 21.
Rfh2 Kg7 22. g4 Nc5 23. Ke2 a5 24. a3 d5 25. Ke3 dxe4 26. dxe4 Rad8 27. Re1 Rd4
28. Kf3 Nb7 29. Re3 Rhd8 30. Rc3 c5 31. Bd5 b4 32. Re3 Nd6 33. c3 Rd1 34. cxb4
cxb4 35. axb4 axb4 36. Rc2 Rc8 37. Rxc8 Nxc8 38. Rb3 Rd4 39. Ke3 Nd6 40. Rd3
Rxd3+ 41. Kxd3 h5 42. Ke3 h4 43. Kf3 Kf8 44. Bb3 Ke7 45. Bd1 Nb5 46. Ke3 Nd4
47. Ba4 b3 48. Kf2 Kd6 49. Be8 Kc5 50. Bf7 Kb4 51. Bd5 Nb5 52. Bf7 Nd6 53. Bd5
Nc4 54. Kg2 Nxb2 0-1

[Event "17. Torneo San Viator 2011"]
[Site "Madrid ESP"]
[Date "2011.10.23"]
[Round "7.3"]
[White "Cabanas Jimenez, Andres"]
[Black "Cazorla Munoz, Francisco"]
[Result "1-0"]
[WhiteElo "2229"]
[BlackElo "1725"]
[PlyCount "43"]
[EventDate "2011.09.25"]
[EventType "swiss"]
[EventRounds "9"]
[EventCountry "ESP"]
[Source "lmi"]
[SourceDate "2011.09.25"]

1. e4 c5 2. Nc3 e6 3. Nf3 Nc6 4. d4 cxd4 5. Nxd4 a6 6. Be3 Nf6 7. Bd3 Ne5 8.
O-O Be7 9. Be2 b5 10. f4 Nc4 11. Bxc4 bxc4 12. e5 Ng8 13. Ne4 Qb6 14. Nf5 Qc6
15. Nfd6+ Kf8 16. f5 f6 17. Qh5 Bxd6 18. Nxd6 g6 19. fxg6 Kg7 20. Bh6+ Nxh6 21.
exf6+ Kg8 22. Qxh6 1-0

[Event "17. Torneo San Viator 2011"]
[Site "Madrid ESP"]
[Date "2011.10.23"]
[Round "7.4"]
[White "Rosa Ramirez, Victor D"]
[Black "Ruiz Sanchez, Roberto"]
[Result "1/2-1/2"]
[WhiteElo "1952"]
[BlackElo "1965"]
[PlyCount "55"]
[EventDate "2011.09.25"]
[EventType "swiss"]
[EventRounds "9"]
[EventCountry "ESP"]
[Source "lmi"]
[SourceDate "2011.09.25"]

1. e4 c6 2. d4 d5 3. f3 e6 4. Be3 Qb6 5. b3 Nf6 6. Bd3 e5 7. c3 Nbd7 8. Ne2
dxe4 9. fxe4 Ng4 10. Bg1 exd4 11. Nxd4 Nde5 12. h3 c5 13. Bb5+ Nc6 14. Nxc6
bxc6 15. Be2 Nf6 16. Nd2 Bd6 17. Nc4 Bg3+ 18. Bf2 Bxf2+ 19. Kxf2 Qc7 20. e5
Ne4+ 21. Ke3 Ng3 22. Nd6+ Ke7 23. Rf1 Nxf1+ 24. Qxf1 Be6 25. Qf4 Rhd8 26. Bg4
Qd7 27. Rd1 Kf8 28. Nc4 1/2-1/2

[Event "17. Torneo San Viator 2011"]
[Site "Madrid ESP"]
[Date "2011.10.23"]
[Round "7.5"]
[White "Pindado Campos, Raul"]
[Black "Al-Zarif, Bassam"]
[Result "1-0"]
[WhiteElo "1830"]
[BlackElo "1701"]
[PlyCount "81"]
[EventDate "2011.09.25"]
[EventType "swiss"]
[EventRounds "9"]
[EventCountry "ESP"]
[Source "lmi"]
[SourceDate "2011.09.25"]

1. d4 d5 2. c4 dxc4 3. e4 e5 4. d5 Nf6 5. Nc3 Bb4 6. Qa4+ c6 7. Qxb4 cxd5 8.
exd5 a6 9. Bxc4 b5 10. Bb3 Bb7 11. Bg5 Nbd7 12. Ne4 Qe7 13. Qxe7+ Kxe7 14. Nf3
h6 15. Bxf6+ gxf6 16. Rc1 Rac8 17. O-O Rhd8 18. Nh4 Kf8 19. Nd6 Rxc1 20. Rxc1
Ba8 21. Rc8 Rxc8 22. Nxc8 Nc5 23. d6 Bc6 24. Bc2 Ke8 25. Ne7 Bd7 26. Nef5 Be6
27. b3 Kd7 28. Nxh6 Kxd6 29. N6f5+ Kd5 30. Nf3 e4 31. Ne3+ Kd6 32. Nd4 Bd7 33.
f3 Ke5 34. Ne2 exf3 35. gxf3 f5 36. h4 Be6 37. f4+ Kf6 38. Ng3 Kg6 39. Ngxf5
Bxf5 40. Bxf5+ Kh6 41. Kf2 1-0

[Event "17. Torneo San Viator 2011"]
[Site "Madrid ESP"]
[Date "2011.10.23"]
[Round "7.6"]
[White "Pardo Vaquero, Ignacio"]
[Black "Tolosana Esteban, Enrique"]
[Result "1-0"]
[WhiteElo "1752"]
[BlackElo "1806"]
[PlyCount "113"]
[EventDate "2011.09.25"]
[EventType "swiss"]
[EventRounds "9"]
[EventCountry "ESP"]
[Source "lmi"]
[SourceDate "2011.09.25"]

1. d4 Nf6 2. Bf4 Nh5 3. Bd2 Nf6 4. Bf4 g6 5. Nf3 Bg7 6. h3 c5 7. c3 Qb6 8. Qc1
O-O 9. e3 cxd4 10. exd4 d6 11. Nbd2 Nc6 12. Nc4 Qc7 13. Be2 Nd5 14. Bh2 e5 15.
dxe5 dxe5 16. O-O Be6 17. Re1 Nf4 18. Bf1 b5 19. Ncxe5 Nxe5 20. Qxf4 f6 21. Qe3
Rfd8 22. Nxe5 fxe5 23. Bxe5 Bxe5 24. Qxe5 Qxe5 25. Rxe5 Bc4 26. Rae1 Rd2 27.
Bxc4+ bxc4 28. R5e2 Rd3 29. Re7 Rb8 30. Rxa7 Kf8 31. Ree7 Rxb2 32. Rxh7 Kg8 33.
Rhc7 Rd1+ 34. Kh2 Rxf2 35. Rxc4 Rdd2 36. Rc8+ Rf8 37. Rcc7 Rff2 38. Rg7+ Kf8
39. Rxg6 Rxa2 40. Rxa2 Rxa2 41. Rc6 Ke7 42. Kg3 Kd7 43. Rf6 Ke7 44. Rf4 Ra3 45.
Rf3 Ke6 46. c4 Ra4 47. Rc3 Ke5 48. c5 Kd4 49. Rc1 Ra3+ 50. Kf4 Ra2 51. g4 Rf2+
52. Kg5 Ke5 53. c6 Rf8 54. c7 Rg8+ 55. Kh6 Rf8 56. Kg6 Ke6 57. Kg7 1-0

[Event "17. Torneo San Viator 2011"]
[Site "Madrid ESP"]
[Date "2011.10.23"]
[Round "7.7"]
[White "Andalon Gomez, Carlos J"]
[Black "Moreno Zamora, Gregorio"]
[Result "1-0"]
[WhiteElo "2052"]
[BlackElo "1773"]
[PlyCount "117"]
[EventDate "2011.09.25"]
[EventType "swiss"]
[EventRounds "9"]
[EventCountry "ESP"]
[Source "lmi"]
[SourceDate "2011.09.25"]

1. d4 d5 2. c4 Nc6 3. cxd5 Qxd5 4. e3 e5 5. Nc3 Bb4 6. Bd2 Bxc3 7. Bxc3 exd4 8.
Ne2 Nf6 9. Nxd4 Bd7 10. Nb5 O-O-O 11. Bxf6 Qxd1+ 12. Rxd1 gxf6 13. Be2 Be6 14.
O-O a6 15. Nc3 Ne5 16. f4 Rxd1 17. Rxd1 Nc6 18. e4 f5 19. exf5 Bxf5 20. g4 Rg8
21. Kf2 Be6 22. f5 Bd7 23. Nd5 h6 24. Nf6 Rd8 25. Bc4 Ne5 26. Bb3 c5 27. h3 b5
28. Ke3 c4 29. Bc2 Nc6 30. Kf4 Nb4 31. Bb1 Bc6 32. Rxd8+ Kxd8 33. Ng8 Nd5+ 34.
Ke5 c3 35. bxc3 Nxc3 36. Bc2 Bd5 37. Bb3 Bxb3 38. axb3 a5 39. Kd4 Ne2+ 40. Kc5
a4 41. bxa4 bxa4 42. Kb4 Ng1 43. h4 Ke8 44. Nxh6 Ne2 45. h5 f6 46. Kxa4 Kf8 47.
g5 fxg5 48. Ng4 Nf4 49. h6 Nh5 50. Kb4 Kg8 51. Kc5 Ng3 52. f6 Nh5 53. Kd5 Nxf6+
54. Nxf6+ Kh8 55. Ng4 Kh7 56. Ke6 Kh8 57. Kf6 Kh7 58. Kxg5 Kg8 59. Kg6 1-0

[Event "17. Torneo San Viator 2011"]
[Site "Madrid ESP"]
[Date "2011.10.23"]
[Round "7.8"]
[White "Alonso Herrero, Ignacio"]
[Black "Ruiz Escobar, Israel"]
[Result "1/2-1/2"]
[WhiteElo "1812"]
[BlackElo "1757"]
[PlyCount "59"]
[EventDate "2011.09.25"]
[EventType "swiss"]
[EventRounds "9"]
[EventCountry "ESP"]
[Source "lmi"]
[SourceDate "2011.09.25"]

1. Nf3 Nf6 2. d4 d5 3. Bf4 Nh5 4. Bg5 h6 5. Bh4 g5 6. Bg3 Nxg3 7. hxg3 Bg7 8.
e3 c5 9. c3 Qb6 10. Qc2 Nc6 11. Be2 Bf5 12. Qxf5 Qxb2 13. Qxd5 Qxa1 14. Qb3
cxd4 15. exd4 Nxd4 16. cxd4 O-O 17. Bc4 Rac8 18. O-O Bxd4 19. Qd3 Bg7 20. Bb3
Qb2 21. Qd7 Rc1 22. Nbd2 e6 23. Nc4 Rxf1+ 24. Kxf1 Qc1+ 25. Ke2 g4 26. Ne1 Bc3
27. Nd3 Qg5 28. Qxb7 Rd8 29. Qe4 Rd4 30. Qe3 1/2-1/2

[Event "17. Torneo San Viator 2011"]
[Site "Madrid ESP"]
[Date "2011.10.23"]
[Round "7.9"]
[White "Sarabia Lopez, Joaquin"]
[Black "Lianes Garcia, Marcos"]
[Result "1/2-1/2"]
[WhiteElo "1799"]
[BlackElo "1430"]
[PlyCount "75"]
[EventDate "2011.09.25"]
[EventType "swiss"]
[EventRounds "9"]
[EventCountry "ESP"]
[Source "lmi"]
[SourceDate "2011.09.25"]

1. c4 e5 2. Nc3 Nf6 3. e4 Nc6 4. Nge2 Bc5 5. h3 O-O 6. g3 d6 7. Bg2 Be6 8. d3
Qd7 9. Nd5 Bxd5 10. cxd5 Nd4 11. Nxd4 Bxd4 12. O-O Rac8 13. Rb1 c6 14. dxc6
Rxc6 15. Kh2 Rfc8 16. Bg5 Qe7 17. b3 h6 18. Bd2 R6c7 19. Rc1 Rxc1 20. Bxc1 Qc7
21. Qf3 Qd7 22. Bxh6 Rc2 23. Bg5 Qe6 24. Be3 Bxe3 25. fxe3 d5 26. exd5 Qxd5 27.
e4 Qd4 28. g4 Qd7 29. g5 Ne8 30. h4 Nd6 31. Kh1 Nb5 32. Bh3 Qe7 33. Qh5 Nd4 34.
g6 fxg6 35. Qxg6 Qxh4 36. Qe8+ Kh7 37. Qd7 Ne2 38. Qf5+ 1/2-1/2

[Event "17. Torneo San Viator 2011"]
[Site "Madrid ESP"]
[Date "2011.10.23"]
[Round "7.11"]
[White "Perez Calahorra, Ricardo"]
[Black "Algaba Traspuesto, Jose Antonio"]
[Result "1-0"]
[WhiteElo "2175"]
[BlackElo "1658"]
[PlyCount "75"]
[EventDate "2011.09.25"]
[EventType "swiss"]
[EventRounds "9"]
[EventCountry "ESP"]
[Source "lmi"]
[SourceDate "2011.09.25"]

1. d4 Nf6 2. c4 c5 3. d5 b5 4. e3 bxc4 5. Bxc4 Ba6 6. Qd3 Qa5+ 7. Bd2 Bxc4 8.
Qxc4 Qa6 9. Qxc5 e6 10. Qa5 Nxd5 11. a3 Qxa5 12. Bxa5 Nc6 13. Bc3 Nxc3 14. Nxc3
Be7 15. Nge2 O-O 16. O-O Rfc8 17. Na4 d5 18. b4 Ne5 19. Nd4 Nc4 20. Nb3 a5 21.
Nbc5 axb4 22. axb4 Rcb8 23. Rfb1 Ra7 24. b5 Bf6 25. Ra2 Nb6 26. Na6 Rbb7 27.
N4c5 Re7 28. Kf1 Re8 29. Ke2 Rc8 30. Rc1 Nc4 31. Ra4 Rxc5 32. Nxc5 Rxa4 33.
Nxa4 g6 34. b6 Be5 35. b7 Kf8 36. f4 Bd6 37. Nc5 Ke7 38. Na6 1-0

[Event "17. Torneo San Viator 2011"]
[Site "Madrid ESP"]
[Date "2011.10.23"]
[Round "7.13"]
[White "Martinez Rubio, Felipe"]
[Black "Garcia Rojas, Juan Carlos"]
[Result "1-0"]
[WhiteElo "1868"]
[BlackElo "1565"]
[PlyCount "119"]
[EventDate "2011.09.25"]
[EventType "swiss"]
[EventRounds "9"]
[EventCountry "ESP"]
[Source "lmi"]
[SourceDate "2011.09.25"]

1. Nf3 d6 2. g3 e5 3. Bg2 Be7 4. b3 Nc6 5. Bb2 Bf6 6. e4 Nge7 7. c4 Be6 8. Nc3
Ng6 9. Nd5 Bxd5 10. cxd5 Nce7 11. O-O c6 12. dxc6 Nxc6 13. d4 O-O 14. d5 Nb4
15. Qd2 a5 16. Bc3 Na6 17. Bxa5 b6 18. Bc3 Nc5 19. Qe3 b5 20. h4 h6 21. Rfc1
Qd7 22. Ne1 Be7 23. Nd3 f5 24. h5 Bg5 25. f4 exf4 26. Nxc5 dxc5 27. Qf3 fxe4
28. Qxe4 Ne7 29. Be5 fxg3 30. Rxc5 Qa7 31. b4 Qa3 32. Rc3 Qa7+ 33. Bd4 Qd7 34.
Rxg3 Rf4 35. Qe6+ Qxe6 36. dxe6 Rd8 37. Bc5 Bf6 38. Rb1 Bd4+ 39. Bxd4 Rfxd4 40.
Re3 Rg4 41. Re2 Rg5 42. Rc1 Rxh5 43. Rc7 Rd1+ 44. Kf2 Rf5+ 45. Kg3 Kf8 46. Rd7
Rg5+ 47. Kh2 Rh5+ 48. Bh3 Rdd5 49. Rf2+ Ke8 50. Rf7 Rxh3+ 51. Kxh3 Rxd7 52.
exd7+ Kxd7 53. Rxg7 Kd6 54. Kg4 Kd5 55. Rxe7 Kc4 56. a3 Kb3 57. Re3+ Kc4 58.
Kh5 Kd4 59. Rh3 Kc4 60. Kxh6 1-0

[Event "17. Torneo San Viator 2011"]
[Site "Madrid ESP"]
[Date "2011.10.23"]
[Round "7.14"]
[White "Perez Perez, Elena"]
[Black "Sarabia Utrilla, Joaquin"]
[Result "1-0"]
[WhiteElo "1630"]
[BlackElo "1816"]
[PlyCount "55"]
[EventDate "2011.09.25"]
[EventType "swiss"]
[EventRounds "9"]
[EventCountry "ESP"]
[Source "lmi"]
[SourceDate "2011.09.25"]

1. e4 e5 2. Nf3 Nf6 3. Nxe5 Nxe4 4. Qe2 Qe7 5. Qxe4 d6 6. d4 dxe5 7. dxe5 Nd7
8. Nc3 Qxe5 9. Qxe5+ Nxe5 10. Bf4 Bd6 11. Bg3 Bf5 12. O-O-O O-O-O 13. Rd5 Rhe8
14. f4 c6 15. fxe5 cxd5 16. exd6 a6 17. Nxd5 Kd7 18. Ne7 Be4 19. Be2 f5 20. Bf4
h6 21. Rg1 g5 22. Be5 Ke6 23. Bh5 Kxe5 24. Bxe8 Rxe8 25. d7 Rd8 26. Rd1 Ke6 27.
Ng6 Rxd7 28. Nf8+ 1-0